000 00565 a2200181 4500
999 _c9957
_d9957
050 _aKQE 512 RHO 1974
110 _aRhodesia Government (Authority)
245 _aRhodesia government gazette :
_cRhodesia Government
_bPart 5. (922-1217) /
264 _aZimbabwe:
_bGovernment Printer,
_c1974
300 _a2515p.:
440 _aVolume LII (part 2)
500 _aIncludes bibliographical references and index
650 _aSubsidiary legislation
650 _aAfrican councils act
650 _aActs
651 _aRhodesia
942 _2lcc
_cSERIALS
_h512
_iRHO
_kKQE